100 dni 100 dziedzin - 5 (chemia) - Statystyki

Ogólne statystyki
  • Ten quiz został rozwiązany 7 razy
  • Średni wynik to 7 z 15
Statystyki odpowiedzi
Pytania Odpowiedzi % Poprawnych
Jaki proces jest odwrotnośćią parowania? Skraplanie
100%
Potem,sól Sód
100%
Teraz pasta do zębow? Fluor
86%
Teraz pogramy w małą gierke,dam wam przedmiot a wy powiwiecie jaki pierwiastek go dominuje, najpierw balon? Hel
86%
Jaka jest jedyna substancja która naturalnie pojawia się jako ciecz,ciało stałe i gaz? Woda
86%
Trzeci, basen? Chlor
71%
Jak nazywamy papierek który kolor,zmienia się przy odczynie kwasowym i zasadowym? Papierek Lakmusowy
71%
Na koniec, banan? Potas
71%
Następnie, bateria? Lit
43%
Jak nazywamy ładunek co zagrzewa 1 gram wody o 1 stopień Celcjusza? Kaloria
14%
Kulka papieru i kulka drewna są tej samej wielkośći ale ta drewniana jest cięższa,co to wyjaśnia Objętość
14%
Potem, szmaragd? Beryl
0%
Jakie są trzy rodzaje cukrów? Proste,dwucukry i złożone
0%
Co nie należy robić z substancjami których się nie zna (trzy odpowiedzi)? Smakować,dotykać i wąchać
0%
Jaki jest najmiększy minerał według skali Mossa? Talk
0%
Nie znaleziono quizów pasujących do podanych kryteriów
Rozkład punktacji
Procent ludzi z każdym wynikiem
Percentyl według liczby udzielonych odpowiedzi
Twoja historia wyników
Nie rozwiązałeś tego quizu